00401 2200157 4500001002100000005001500021035002000036245005100056100002600107300002600133260002800159082000800187084001400195020002200209990001200231INLIS00000000000295220250917112639 a0010-09250002991 aAjari Aku Melupakanmu /cReyhan M. Abdurrahman0 aReyhan M. Abdurrahman a284 hlm ;c13 x 19 cm aJakarta :bZettu,c2014 a813 a813 REY a a978-602-1298-05-3 a0755681